Presidentinvaalien kakkoset 1919–nykyhetki - Statistics

Yleistilastot
  • Tätä visaa on pelattu 62 kertaa
  • Keskiarvotulos 12 / 20
Vastaustilastot
Vuosi Voittaja Hävin. Puolue Vastaus % Oikein
2024 Alexander Stubb Vihreät Pekka Haavisto
100%
2018 Sauli Niinistö Vihreät Pekka Haavisto
100%
2012 Sauli Niinistö Vihreät Pekka Haavisto
100%
2006 Tarja Halonen Kokoomus Sauli Niinistö
91%
1994 Martti Ahtisaari RKP Elisabeth Rehn
85%
1988 Mauno Koivisto Keskusta Paavo Väyrynen
80%
2000 Tarja Halonen Keskusta Esko Aho
78%
1937 Kyösti Kallio Kokoomus Pehr Evind Svinhufvud
72%
1982 Mauno Koivisto Kokoomus Harri Holkeri
70%
1946 Juho Kusti Paasikivi Kans.ed.p. Kaarlo Juho Ståhlberg
70%
1931 Pehr Evind Svinhufvud Kans.ed.p. Kaarlo Juho Ståhlberg
70%
1925 Lauri Kristian Relander Kans.ed.p. Risto Ryti
65%
1919 Kaarlo Juho Ståhlberg - Gustaf Mannerheim
61%
1956 Urho Kekkonen SDP Karl-August Fagerholm
50%
1978 Urho Kekkonen KD Raino Westerholm
26%
1950 Juho Kusti Paasikivi SKDL Mauno Pekkala
22%
1968 Urho Kekkonen Kokoomus Matti Virkkunen
15%
1940 Risto Ryti Sos.ed.r Johan Helo
7%
1962 Urho Kekkonen SKDL Paavo Aitio
4%
1943 Risto Ryti - Väinö Kotilainen
4%
Ehtoja vastaavia visoja ei löytynyt
Tulosjakauma
Jokaisen tuloksen saaneiden osuus
Persentiili vastausten määrän mukaan
Tuloshistoriasi
Et ole pelannut tätä visaa